[Event "Ann Arbor (Ann Arbor Open, Open/1)"]
[Site "?"]
[Date "1996.??.??"]
[Round "?"]
[White "Thompson, Dexter"]
[Black "Pence, Mark"]
[Result "1-0"]
[WhiteElo "2340"]
[BlackElo "2065"]
[PlyCount "143"]
[EventDate "1996.??.??"]

1. e4 c5 2. c3 d5 3. exd5 Qxd5 4. d4 Nc6 5. Nf3 cxd4 6. cxd4 e6 7. Nc3 Qa5 8.
Bd3 Nf6 9. O-O Be7 10. a3 a6 11. b4 Qd8 12. Re1 O-O 13. Ne4 h6 14. Qe2 Qd5 15.
Bb2 Rd8 16. Bc4 Qxe4 17. Qxe4 Nxe4 18. Rxe4 b5 19. Bb3 Bb7 20. Re2 Bf6 21. Rd1
Ne7 22. Ne5 Bxe5 23. Rxe5 Bd5 24. Bc2 Rac8 25. Bb1 Ng6 26. Ree1 Rc7 27. g3 Rdc8
28. Re3 Nf8 29. f4 f5 30. g4 g6 31. Kf2 fxg4 32. Rg1 h5 33. h3 Rf7 34. Kg3 gxh3
35. Kxh3 Rxf4 36. Re5 Kf7 37. Reg5 Rf3+ 38. Kh4 Rf4+ 39. Kh3 Rf2 40. Bc1 Rc3+
41. R5g3 Rxg3+ 42. Rxg3 Rf3 43. Rxf3+ Bxf3 44. Kg3 Bd5 45. Bg5 Nd7 46. Kf4 Nf8
47. Bd8 Nh7 48. Ke5 Kg7 49. Be7 g5 50. Bxh7 Kxh7 51. Bxg5 Kg6 52. Bh4 Bc4 53.
Bd8 Bd5 54. Bh4 Bc4 55. Kd6 Kf5 56. Kc5 Kg4 57. Bf6 h4 58. a4 h3 59. Be5 Kf3
60. a5 Ke4 61. Kb6 Kd3 62. Kxa6 h2 63. Bxh2 Kxd4 64. Kb6 e5 65. a6 Kc3 66. Kc5
Be2 67. Bxe5+ Kb3 68. a7 Bf3 69. Kxb5 Be4 70. Bd6 Bf3 71. Kb6 Ka4 72. Kc7 1-0

[Event "Eastpointe (EDO/1/1)"]
[Site "?"]
[Date "1996.??.??"]
[Round "?"]
[White "Thompson, Dexter"]
[Black "Nikitin, Mike"]
[Result "1-0"]
[WhiteElo "2305"]
[BlackElo "1605"]
[PlyCount "85"]
[EventDate "1996.??.??"]

{1/(1)} 1. e4 e6 2. d4 d5 3. e5 c5 4. c3 Nc6 5. Nf3 Nge7 6. Bd3 cxd4 7. cxd4
Qb6 8. Nc3 a6 9. O-O Bd7 10. Na4 Qa7 11. Be3 Na5 12. Rc1 Nf5 13. g4 Nxe3 14.
fxe3 Be7 15. Nc5 b5 16. b3 Nc6 17. Bb1 O-O-O 18. a4 Kb8 19. axb5 axb5 20. Bd3
Nb4 21. Be2 h6 22. Qd2 Bxc5 23. Rxc5 Qa2 24. Qxa2 Nxa2 25. Ra1 Nb4 26. Bxb5 Nc2
27. Ra4 Nxe3 28. Rb4 Bxb5 29. Rcxb5+ Kc8 30. Rc5+ Kd7 31. Rb7+ Ke8 32. Rcc7 Ra8
33. h3 Rf8 34. b4 Nc4 35. b5 g6 36. b6 Kd8 37. Rd7+ Kc8 38. Re7 Kd8 39. Rbd7+
Kc8 40. b7+ Kb8 41. bxa8=Q+ Kxa8 42. Rxf7 Rg8 43. Rfe7 1-0

[Event "Detroit (WCO/2/1)"]
[Site "?"]
[Date "1996.??.??"]
[Round "?"]
[White "Thompson, Dexter"]
[Black "McNeil, Yaking"]
[Result "1-0"]
[WhiteElo "2325"]
[BlackElo "1605"]
[PlyCount "57"]
[EventDate "1996.??.??"]

{2/(1)} 1. e4 c5 2. d4 cxd4 3. c3 e6 4. Nf3 Nc6 5. cxd4 d5 6. e5 h6 7. Nc3 Nge7
8. a3 Nf5 9. Be3 g5 10. h3 Bg7 11. Bd3 f6 12. O-O O-O 13. Bxf5 exf5 14. Qb3
fxe5 15. dxe5 f4 16. Bc5 Rf5 17. Bd6 Nxe5 18. Qxd5+ Kh8 19. Nxe5 Qf6 20. Rfe1
a5 21. Be7 Qa6 22. Nf7+ Kh7 23. Qe4 Kg8 24. Nd6 Re5 25. Qg6 Rf5 26. Bf6 Rxf6
27. Re8+ Rf8 28. Rxf8+ Kxf8 29. Qf7# 1-0

[Event "Eastpointe (EDO/5/1)"]
[Site "?"]
[Date "1996.??.??"]
[Round "?"]
[White "Thompson, Dexter"]
[Black "Mazuchowski, Tom"]
[Result "1-0"]
[WhiteElo "2305"]
[BlackElo "2140"]
[PlyCount "147"]
[EventDate "1996.??.??"]

{5/(1)} 1. e4 c5 2. c3 Nf6 3. e5 Nd5 4. d4 cxd4 5. cxd4 e6 6. Nc3 Nxc3 7. bxc3
Qc7 8. Qc2 b6 9. Bd3 Bb7 10. f3 d6 11. Bf4 Nd7 12. exd6 Bxd6 13. Bxd6 Qxd6 14.
Ne2 h6 15. O-O O-O 16. Ng3 Nf6 17. Ne4 Nxe4 18. fxe4 Rac8 19. Rac1 Rc7 20. Qd2
Rfc8 21. Kh1 Qa3 22. Qf4 Qe7 23. c4 Qg5 24. Qf2 e5 25. d5 Qe7 26. Qg3 Ba6 27.
c5 Bxd3 28. d6 Qg5 29. Qxd3 Rxc5 30. Rxc5 bxc5 31. Qd5 Qg6 32. d7 Rd8 33. Qxc5
Qe6 34. Rd1 Qg4 35. Qd6 f6 36. h3 Qxe4 37. Qe7 Qa8 38. Rc1 Kh7 39. h4 Qe4 40.
Rd1 Qxh4+ 41. Kg1 Qa4 42. Rd3 Qa5 43. Rg3 Rg8 44. d8=Q Qxd8 45. Rxg7+ Rxg7 46.
Qxd8 Rf7 47. a4 Kg7 48. Qa8 f5 49. Kf2 e4 50. Ke3 Kh7 51. a5 Kg7 52. Qe8 Rf8
53. Qe5+ Kg8 54. Qd5+ Rf7 55. Kf4 Kg7 56. Qe6 Rf6 57. Qd5 Rf7 58. g3 Kg6 59. g4
fxg4+ 60. Kxg4 Re7 61. Qg8+ Kf6 62. Qh8+ Kf7 63. Qh7+ Ke8 64. Qg8+ Kd7 65. Qd5+
Ke8 66. Qg8+ Kd7 67. Qb8 Ke6 68. Kf4 Kf7 69. Qb3+ Kf8 70. Qe3 Kf7 71. Kf5 Ke8
72. Kf6 h5 73. Qc5 Rf7+ 74. Ke6 1-0

[Event "Ann Arbor (Mini-Swiss/3/3)"]
[Site "?"]
[Date "1996.??.??"]
[Round "?"]
[White "Thompson, Dexter"]
[Black "Mankiewicz, Ryan"]
[Result "0-1"]
[WhiteElo "2355"]
[BlackElo "2000"]
[PlyCount "110"]
[EventDate "1996.??.??"]

{3/(3)} 1. e4 d6 2. d4 Nf6 3. Nc3 g6 4. f4 Bg7 5. Nf3 c5 6. dxc5 Qa5 7. Bd3
Qxc5 8. Qe2 O-O 9. Be3 Qa5 10. O-O Nbd7 11. a3 a6 12. h3 b5 13. Qd2 Qc7 14. f5
Bb7 15. Qf2 Nc5 16. Qh4 Nfd7 17. fxg6 fxg6 18. Nd5 Bxd5 19. exd5 Nxd3 20. cxd3
Rxf3 21. Rxf3 Ne5 22. Rff1 Nxd3 23. Bd4 Qc4 24. Bf2 Bxb2 25. Rad1 Nxf2 26. Qxf2
Qc5 27. Rd3 a5 28. Re1 Bxa3 29. Rxe7 Qxf2+ 30. Kxf2 Bb2 31. Rb7 b4 32. Rf3 Bc3
33. Ke2 a4 34. Rff7 a3 35. Ra7 Rxa7 36. Rxa7 Bb2 37. Kd3 b3 38. Kc4 a2 39. Kxb3
a1=Q 40. Rxa1 Bxa1 41. Kc4 Kf7 42. Kd3 Kf6 43. Ke4 g5 44. g3 h5 45. h4 gxh4 46.
gxh4 Be5 47. Ke3 Bg3 48. Ke4 Bxh4 49. Kf4 Bg5+ 50. Ke4 h4 51. Kf3 Ke5 52. Kg4
Bd8 53. Kh3 Kxd5 54. Kg4 Ke4 55. Kh3 Kf3 0-1

[Event "Detroit (WCO/4/1)"]
[Site "?"]
[Date "1996.??.??"]
[Round "?"]
[White "Thompson, Dexter"]
[Black "Libby, Dan"]
[Result "1-0"]
[WhiteElo "2325"]
[BlackElo "1700"]
[PlyCount "69"]
[EventDate "1996.??.??"]

{4/(1)} 1. e4 c5 2. c3 e6 3. d4 d5 4. e5 cxd4 5. cxd4 Bb4+ 6. Bd2 Qb6 7. Nf3
Nc6 8. a3 Bxd2+ 9. Qxd2 Bd7 10. b4 Nge7 11. Nc3 a6 12. Na4 Qa7 13. Nc5 b6 14.
Nxa6 Bc8 15. b5 Bxa6 16. bxa6 O-O 17. Rc1 Na5 18. Bd3 Nb3 19. Bxh7+ Kh8 20. Qg5
g6 21. Rc3 Kxh7 22. Rxb3 Ng8 23. Qh4+ Nh6 24. Qf6 Rae8 25. Ng5+ Kg8 26. Rh3 Qe7
27. Rxh6 Qxf6 28. exf6 Rc8 29. O-O Rc4 30. Rd1 Rfc8 31. g3 Ra4 32. Rd3 Rxa6 33.
Rh7 Rc7 34. g4 b5 35. Rdh3 1-0

[Event "Eastpointe (EDO/3/1)"]
[Site "?"]
[Date "1996.??.??"]
[Round "?"]
[White "Thompson, Dexter"]
[Black "Kulbacki, James"]
[Result "1-0"]
[WhiteElo "2305"]
[BlackElo "1915"]
[PlyCount "109"]
[EventDate "1996.??.??"]

{3/(1)} 1. e4 c6 2. Nc3 d5 3. Nf3 Bg4 4. h3 Bxf3 5. Qxf3 e6 6. e5 c5 7. Qg3 Ne7
8. Bd3 Nbc6 9. b3 a6 10. a3 b5 11. O-O c4 12. Be2 Nf5 13. Qh2 Qc7 14. bxc4 bxc4
15. Bb2 Bc5 16. d3 Rb8 17. Rab1 Rxb2 18. Rxb2 Bd4 19. Rfb1 Bxe5 20. g3 Bxc3 21.
Rb7 Qe5 22. g4 Qxh2+ 23. Kxh2 Be5+ 24. Kg2 Nfd4 25. Bd1 O-O 26. R7b6 Nb8 27. a4
Rc8 28. c3 Ndc6 29. dxc4 dxc4 30. Bf3 g6 31. Bxc6 Nxc6 32. Rc1 a5 33. Rb5 Bd6
34. Rd1 Bf8 35. f4 Rc7 36. Kf3 Bg7 37. Rc5 Bxc3 38. Ke3 e5 39. fxe5 Bxe5 40.
Rdd5 f6 41. Rxc4 g5 42. Rdc5 Nb4 43. Rxc7 Bxc7 44. Ke4 Bb6 45. Rc8+ Kf7 46. Rb8
Bg1 47. Kf5 Bd4 48. Rb7+ Kg8 49. Ke6 Bf2 50. Rb5 Nc6 51. Kd5 Na7 52. Kd6 Bg3+
53. Kd7 Bf2 54. Rf5 Kg7 55. Rxf2 1-0

[Event "Ann Arbor (Mini-Swiss/2/1)"]
[Site "?"]
[Date "1996.??.??"]
[Round "?"]
[White "Thompson, Dexter"]
[Black "Koster, Ed"]
[Result "1-0"]
[WhiteElo "2340"]
[BlackElo "2105"]
[PlyCount "69"]
[EventDate "1996.??.??"]

{2/(1)} 1. e4 Nf6 2. e5 Nd5 3. c4 Nb6 4. d4 d6 5. f4 dxe5 6. fxe5 Nc6 7. Be3
Bf5 8. Nc3 e6 9. Nf3 Qd7 10. Be2 O-O-O 11. O-O Bg4 12. Ng5 Bxe2 13. Qxe2 Nxd4
14. Bxd4 Qxd4+ 15. Kh1 Qd2 16. Nxf7 Qxe2 17. Nxe2 Bc5 18. Nxh8 Rxh8 19. b3 Nd7
20. Nf4 Re8 21. Nd3 Bd4 22. Rae1 g6 23. Rf7 Rh8 24. Re7 Kd8 25. Rxe6 Nf8 26.
Nf4 g5 27. Rd1 c5 28. Rd6+ Ke8 29. Ne6 Bxe5 30. Rd8+ Kf7 31. Nxf8 Rxf8 32.
R1d7+ Ke6 33. Rxf8 Kxd7 34. Rf7+ Kc6 35. Rxh7 1-0

[Event "Detroit (MEX/2/1)"]
[Site "?"]
[Date "1996.??.??"]
[Round "?"]
[White "Thompson, Dexter"]
[Black "Kamberi, Sonny"]
[Result "0-1"]
[WhiteElo "2345"]
[BlackElo "2180"]
[PlyCount "84"]
[EventDate "1996.??.??"]

{2/(1)} 1. e4 e5 2. Nf3 Nc6 3. Bc4 Bc5 4. c3 Nf6 5. d4 exd4 6. cxd4 Bb4+ 7. Nc3
Nxe4 8. O-O Bxc3 9. d5 Bf6 10. Re1 Ne7 11. Rxe4 d6 12. Bg5 Bxg5 13. Nxg5 O-O
14. Nxh7 Kxh7 15. Qh5+ Kg8 16. Rh4 f5 17. Re1 Ng6 18. Qh7+ Kf7 19. Rh6 Qg5 20.
Rh5 Qf6 21. Bb5 Rh8 22. Qxh8 Nxh8 23. Rxh8 Bd7 24. Rxa8 Bxb5 25. Rc8 Qxb2 26.
Rxc7+ Kg8 27. h4 Be2 28. Re7 Bc4 29. Rd7 Bxd5 30. Rxd6 Qxa2 31. h5 b5 32. h6
gxh6 33. Rd7 Bf7 34. Ree7 a5 35. Kh2 b4 36. Kg3 Qc4 37. Rc7 Qg4+ 38. Kh2 b3 39.
f3 Qh4+ 40. Kg1 b2 41. Rc8+ Kg7 42. Rb7 Qb4 0-1

[Event "Lansing (MI Op/1b/2)"]
[Site "?"]
[Date "1996.??.??"]
[Round "?"]
[White "Thompson, Dexter"]
[Black "Jendras, Gerard"]
[Result "1-0"]
[WhiteElo "2290"]
[BlackElo "1935"]
[PlyCount "87"]
[EventDate "1996.??.??"]

1. e4 d5 2. exd5 Nf6 3. Bb5+ Bd7 4. Bc4 Bg4 5. f3 Bf5 6. Nc3 Nbd7 7. Qe2 Nb6 8.
Bb3 a6 9. Qe5 Bc8 10. d3 g6 11. Bf4 Kd7 12. Ne4 Bg7 13. Nc5+ Ke8 14. Qxc7 Nfxd5
15. Qxd8+ Kxd8 16. Bc1 Bd4 17. Na4 Nxa4 18. Bxa4 Ne3 19. g3 b5 20. Bb3 Bb7 21.
c3 Bb6 22. Ke2 Ng4 23. d4 Kd7 24. h3 Nf6 25. Be3 Nh5 26. Kf2 Bc7 27. Ne2 e6 28.
Rad1 Nf6 29. Bf4 Nd5 30. Bxd5 Bxd5 31. b3 Rac8 32. Rc1 Bb6 33. Be5 f6 34. Bf4
e5 35. Be3 Rhe8 36. Rhd1 e4 37. Nf4 Ba7 38. fxe4 Bxe4 39. Nd3 Bd5 40. Nc5+ Bxc5
41. dxc5 Ke6 42. Rd2 Re7 43. Re1 Bb7 44. c6 1-0

[Event "Detroit (MI Action/5/2)"]
[Site "?"]
[Date "1996.??.??"]
[Round "?"]
[White "Thompson, Dexter"]
[Black "Hill, Brad"]
[Result "1-0"]
[WhiteElo "2305"]
[BlackElo "1745"]
[PlyCount "87"]
[EventDate "1996.??.??"]

{5/(2)} 1. e4 d5 2. exd5 Qxd5 3. Nc3 Qa5 4. d4 c6 5. Bc4 Nf6 6. Qe2 Bg4 7. f3
Bf5 8. Bf4 Nbd7 9. O-O-O e6 10. g4 Bg6 11. h4 h5 12. Bxe6 O-O-O 13. Bxd7+ Rxd7
14. g5 Nd5 15. Nxd5 Qxd5 16. Kb1 Qf5 17. Nh3 Be7 18. Rd2 Rhd8 19. Qe5 Bd6 20.
Qxf5 Bxf5 21. Bxd6 Rxd6 22. Nf4 Rxd4 23. Rxd4 Rxd4 24. Nxh5 g6 25. Ng3 Rf4 26.
Nxf5 Rxf5 27. Rh3 Kd7 28. Kc1 Kd6 29. Kd2 Kd5 30. Ke3 Re5+ 31. Kd3 Re1 32. f4
Rf1 33. Ke3 Ra1 34. Rh2 Rxa2 35. b3 Ra1 36. f5 Ke5 37. f6 Rf1 38. Rd2 Ke6 39.
Rd8 Re1+ 40. Kf3 Re5 41. Rb8 b6 42. Rb7 Kf5 43. Rxf7 a5 44. Re7 1-0

[Event "Ann Arbor (Fall Open/1/3)"]
[Site "?"]
[Date "1996.??.??"]
[Round "?"]
[White "Thompson, Dexter"]
[Black "Hartwig, Thomas"]
[Result "0-1"]
[WhiteElo "2305"]
[BlackElo "1925"]
[PlyCount "72"]
[EventDate "1996.??.??"]

{1/(3)} 1. e4 c5 2. Nf3 d6 3. Bc4 Nc6 4. c3 Nf6 5. d3 e6 6. O-O Be7 7. a4 O-O
8. Re1 d5 9. exd5 exd5 10. Bb3 Be6 11. h3 Qb6 12. Ng5 Rad8 13. Nxe6 fxe6 14.
Rxe6 c4 15. Bc2 cxd3 16. Bxd3 Ne4 17. Be3 Qxb2 18. Nd2 Bc5 19. Rb1 Qxc3 20. Rb3
Bxe3 21. Rxc3 Rxf2 22. Nxe4 Rd2+ 23. Kf1 Rxd1+ 24. Ke2 Ra1 25. Nd6 Nd4+ 26.
Kxe3 Nxe6 27. Rc8 d4+ 28. Ke4 Rxc8 29. Nxc8 Nc5+ 30. Kxd4 Nxd3 31. Kxd3 Rxa4
32. Nd6 Rb4 33. Kc3 a5 34. Ne8 Rb6 35. Kd4 Rc6 36. Kd5 a4 0-1

[Event "Ann Arbor (Mini-Swiss/1/1)"]
[Site "?"]
[Date "1996.??.??"]
[Round "?"]
[White "Thompson, Dexter"]
[Black "Hartwig, Thomas"]
[Result "1-0"]
[WhiteElo "2355"]
[BlackElo "1870"]
[PlyCount "69"]
[EventDate "1996.??.??"]

{1/(1)} 1. e4 c5 2. d4 cxd4 3. c3 dxc3 4. Nxc3 Nc6 5. Nf3 e6 6. Bc4 Nf6 7. Qe2
d6 8. O-O Be7 9. Rd1 Qc7 10. Bf4 e5 11. Bg5 Be6 12. Bxf6 Bxf6 13. Nd5 Bxd5 14.
exd5 Ne7 15. Bb5+ Kf8 16. Rac1 Qa5 17. a3 g6 18. Nd2 Bg5 19. Rc2 Bxd2 20. Rdxd2
Kg7 21. f4 exf4 22. b4 Qb6+ 23. Kh1 Nf5 24. Qd3 Qe3 25. Qf1 Nd4 26. Qa1 Rac8
27. Rxd4 f6 28. Rxc8 Rxc8 29. Rd1 Rc2 30. Re1 Qd2 31. Be2 Qe3 32. Bf3 Qd2 33.
h3 g5 34. Re7+ Kg6 35. Be4+ 1-0

[Event "Detroit (MI Action/4/1)"]
[Site "?"]
[Date "1996.??.??"]
[Round "?"]
[White "Thompson, Dexter"]
[Black "Ghobrial, Ameer"]
[Result "0-1"]
[WhiteElo "2305"]
[BlackElo "1605"]
[PlyCount "82"]
[EventDate "1996.??.??"]

{4/(1)} 1. e4 e6 2. d4 d5 3. e5 c5 4. c3 Nc6 5. Nf3 Qb6 6. a3 Bd7 7. b4 cxd4 8.
cxd4 Rc8 9. Be3 Nh6 10. Bd3 Ng4 11. O-O Nxe3 12. fxe3 g6 13. Nbd2 Bg7 14. Kh1
O-O 15. Rc1 Bh6 16. Qe2 Ne7 17. g4 Rxc1 18. Rxc1 Rc8 19. Rxc8+ Nxc8 20. g5 Bg7
21. Nb3 Qc7 22. Nc5 b6 23. Nxd7 Qxd7 24. Qc2 Ne7 25. b5 Qc8 26. Qb2 Kf8 27. Kg2
h6 28. h4 hxg5 29. Nxg5 Nf5 30. Bxf5 gxf5 31. Qb4+ Ke8 32. h5 Qc2+ 33. Kg3 Qd3
34. Qe1 Bh6 35. Kh4 Qxa3 36. Qg3 Qd3 37. Nxf7 Qe4+ 38. Kh3 Qh1+ 39. Qh2 Qxh2+
40. Kxh2 Kxf7 41. Kg3 Bxe3 0-1

[Event "Detroit (MI Action/2/1)"]
[Site "?"]
[Date "1996.??.??"]
[Round "?"]
[White "Thompson, Dexter"]
[Black "Brown, S."]
[Result "1-0"]
[WhiteElo "2305"]
[BlackElo "1605"]
[PlyCount "33"]
[EventDate "1996.??.??"]

{2/(1)} 1. e4 c6 2. Nc3 d5 3. Nf3 Bg4 4. h3 Bh5 5. exd5 cxd5 6. g4 Bg6 7. Bb5+
Nc6 8. Ne5 Qd6 9. d4 O-O-O 10. Bf4 Nxe5 11. Bxe5 Qb4 12. Qd2 Qxb2 13. Rb1 Qxc2
14. Qxc2 Bxc2 15. Rc1 a6 16. Na4 axb5 17. Nb6# 1-0

[Event "Howell (MI Inv/4)"]
[Site "?"]
[Date "1996.??.??"]
[Round "?"]
[White "Thompson, Dexter"]
[Black "Brooks, John"]
[Result "1-0"]
[WhiteElo "2325"]
[BlackElo "2220"]
[PlyCount "79"]
[EventDate "1996.??.??"]

1. e4 c6 2. d4 d5 3. Nc3 dxe4 4. Nxe4 Nd7 5. Ng5 Ngf6 6. Bd3 g6 7. h4 e6 8. h5
Nxh5 9. Rxh5 gxh5 10. Qxh5 Qe7 11. N1f3 Bg7 12. Nxh7 Nf6 13. Qg5 Nxh7 14. Qxg7
Qf6 15. Qg3 Nf8 16. Bg5 Qg7 17. Qc7 Bd7 18. Qxb7 Rc8 19. O-O-O f6 20. Be3 Qxg2
21. Nd2 Rh1 22. Ne4 Rxd1+ 23. Kxd1 Ke7 24. Qb4+ c5 25. Nxc5 Kf7 26. Ne4 Rc6 27.
Nd6+ Kg7 28. Be4 Qf1+ 29. Kd2 Rb6 30. Qc5 Qh3 31. Nc4 Rb5 32. Qe7+ Kg8 33. Nd6
Rb8 34. Qf7+ Kh8 35. Qxf6+ Kg8 36. Bh6 Qg4 37. Qf7+ Kh8 38. Bxf8 Qg5+ 39. f4
Qa5+ 40. Kd1 1-0

[Event "Ann Arbor (Fall Open/2/3)"]
[Site "?"]
[Date "1996.??.??"]
[Round "?"]
[White "Thompson, Dexter"]
[Black "Beckwith, Stan"]
[Result "0-1"]
[WhiteElo "2305"]
[BlackElo "1860"]
[PlyCount "118"]
[EventDate "1996.??.??"]

{2/(3)} 1. e4 c5 2. Nf3 d6 3. d4 cxd4 4. Bc4 e6 5. Nxd4 Nf6 6. Nc3 a6 7. Bb3
Be7 8. O-O O-O 9. Be3 Nc6 10. f4 Nxd4 11. Qxd4 Qc7 12. Rad1 b5 13. h3 Bb7 14.
e5 Ne8 15. Qb6 Qxb6 16. Bxb6 d5 17. a4 b4 18. Bxd5 Bxd5 19. Nxd5 exd5 20. Rxd5
Rc8 21. Rf2 g6 22. Kh2 Ng7 23. g4 f5 24. g5 Ne6 25. Kg3 Bc5 26. Bxc5 Nxc5 27.
Kf3 Rfd8 28. Rfd2 Rxd5 29. Rxd5 Nxa4 30. b3 Nc5 31. Rd6 Kf7 32. h4 Ke7 33. h5
Ne6 34. hxg6 hxg6 35. Rxa6 Rc3+ 36. Ke2 Rxc2+ 37. Kd1 Rc3 38. Ra7+ Ke8 39. Ra8+
Kd7 40. Ra7+ Rc7 41. Ra6 Nxf4 42. Rb6 Ne6 43. Rxb4 Nxg5 44. Rh4 Nf7 45. b4 Ke6
46. Kd2 Kxe5 47. Kd3 f4 48. Rh1 g5 49. b5 Rb7 50. Kc4 Nd6+ 51. Kc5 Rxb5+ 52.
Kc6 Rb4 53. Rh5 Rc4+ 54. Kd7 Ne4 55. Rh8 f3 56. Re8+ Kf4 57. Ke6 Rc6+ 58. Kd5
Rd6+ 59. Kc4 f2 0-1

[Event "Flint (MI Jr/4/18)"]
[Site "?"]
[Date "1996.??.??"]
[Round "?"]
[White "Taylor, Walt"]
[Black "Ortiz, M."]
[Result "0-1"]
[WhiteElo "1605"]
[BlackElo "1605"]
[PlyCount "126"]
[EventDate "1996.??.??"]

{4/(18)} 1. e4 e5 2. Nf3 Nc6 3. Bb5 Bc5 4. O-O Nge7 5. Bxc6 Nxc6 6. a3 O-O 7.
Nc3 d6 8. b4 Bb6 9. Nd5 Bg4 10. h3 Bh5 11. c3 Ne7 12. Nxb6 axb6 13. d4 Ng6 14.
g4 Bxg4 15. hxg4 Qf6 16. Bg5 Qe6 17. Nh2 h6 18. Be3 Qe7 19. Nf3 Rae8 20. d5 Nh4
21. Kh2 Qf6 22. Kg3 Nxf3 23. Qxf3 Qxf3+ 24. Kxf3 f6 25. Kg3 Rf7 26. c4 Ra8 27.
c5 bxc5 28. bxc5 dxc5 29. Bxc5 Ra5 30. Bb4 Ra4 31. Rac1 g5 32. Rc2 b6 33. Rfc1
Ra7 34. d6 c5 35. Be1 Rxa3+ 36. Rc3 Rxc3+ 37. Bxc3 Kf8 38. Rd1 Rd7 39. Bb2 Kf7
40. Kf3 Ke6 41. Ke3 Rxd6 42. Rh1 c4 43. Ke2 b5 44. Ba3 Rd4 45. Bc5 Rxe4+ 46.
Kd2 Rxg4 47. Kc3 Kd5 48. Bb4 Rg2 49. Rxh6 Rxf2 50. Be7 Rf3+ 51. Kb4 c3 52. Bxf6
c2 53. Bxg5 Rg3 54. Bd2 e4 55. Rh2 Rg1 56. Kxb5 c1=Q 57. Bxc1 Rxc1 58. Rd2+ Ke5
59. Re2 Kf4 60. Ra2 e3 61. Ra3 Kf3 62. Rxe3+ Kxe3 63. Kb4 Kd4 0-1

[Event "Flint (MI Jr/1/17)"]
[Site "?"]
[Date "1996.??.??"]
[Round "?"]
[White "Taylor, Walt"]
[Black "Nolan, Brian"]
[Result "0-1"]
[WhiteElo "1605"]
[BlackElo "1605"]
[PlyCount "98"]
[EventDate "1996.??.??"]

{1/(17)} 1. e4 c5 2. Nf3 d6 3. Bb5+ Bd7 4. Bxd7+ Qxd7 5. O-O Nf6 6. Nc3 Nc6 7.
d4 cxd4 8. Nxd4 g6 9. Nxc6 Qxc6 10. Re1 Bg7 11. Nd5 Nxd5 12. Qxd5 Qxd5 13. exd5
Kd7 14. c3 Bf6 15. Bd2 Rac8 16. Rac1 Rc7 17. b3 b5 18. c4 bxc4 19. Rxc4 Rxc4
20. bxc4 Rc8 21. Rc1 Bb2 22. Rc2 Bd4 23. Be3 Rb8 24. g3 Bxe3 25. fxe3 Rb4 26.
Kf2 Kc7 27. c5 Rb5 28. cxd6+ Kxd6 29. e4 Ke5 30. Re2 Ra5 31. Kf3 Ra3+ 32. Kg4
h5+ 33. Kg5 Ra4 34. Rf2 Rxe4 35. Rxf7 Kxd5 36. Kxg6 Ke6 37. Rh7 Ra4 38. Rxh5
Rxa2 39. h4 a5 40. Rh8 Rg2 41. Ra8 Rxg3+ 42. Kh6 Ra3 43. Kg6 Ra4 44. h5 Rg4+
45. Kh7 a4 46. h6 Kf7 47. Kh8 Rh4 48. h7 Rb4 49. Rxa4 Rb8# 0-1

[Event "Detroit (MI Action/4/19)"]
[Site "?"]
[Date "1996.??.??"]
[Round "?"]
[White "Taylor, Walt"]
[Black "Krasowski, Simon"]
[Result "1-0"]
[WhiteElo "1605"]
[BlackElo "1605"]
[PlyCount "78"]
[EventDate "1996.??.??"]

{4/(19)} 1. e4 e5 2. Nf3 Nc6 3. Bb5 Bc5 4. Bxc6 bxc6 5. Nxe5 Nf6 6. d3 h6 7.
Nc3 Bd4 8. Nf3 Bxc3+ 9. bxc3 d5 10. e5 Nh7 11. O-O Bg4 12. h3 Bh5 13. d4 O-O
14. Ba3 Re8 15. Qd3 Qc8 16. Nh4 Qe6 17. Qf5 Bg6 18. Qxe6 Rxe6 19. Nxg6 Rxg6 20.
Rab1 a5 21. Rb2 Rc8 22. Rfb1 Ng5 23. Rb8 Rxb8 24. Rxb8+ Kh7 25. Ra8 Nxh3+ 26.
Kf1 Nf4 27. g3 Nh3 28. Bc1 f5 29. Kg2 Ng5 30. Bxg5 hxg5 31. Rxa5 f4 32. Ra7
fxg3 33. fxg3 g4 34. Rxc7 Kh6 35. a4 Kg5 36. a5 Re6 37. Rxg7+ Kf5 38. a6 Re8
39. Rc7 Ra8 {[Remainder unavailable]} 1-0

[Event "Detroit (MI Action/2/23)"]
[Site "?"]
[Date "1996.??.??"]
[Round "?"]
[White "Taylor, Walt"]
[Black "Frantz, John C"]
[Result "1-0"]
[WhiteElo "1605"]
[BlackElo "1605"]
[PlyCount "29"]
[EventDate "1996.??.??"]

{2/(23)} 1. e4 c5 2. Nf3 d6 3. Bb5+ Bd7 4. Bxd7+ Qxd7 5. Nc3 g6 6. d3 Bg7 7.
Nd5 Qe6 8. Nc7+ Kd7 9. Nxe6 Kxe6 10. Ng5+ Kf6 11. Qf3+ Ke5 12. Bf4+ Kf6 13.
Bg3+ Kxg5 14. Qf4+ Kh5 15. Qh4# 1-0

[Event "Detroit (WCO/2/26)"]
[Site "?"]
[Date "1996.??.??"]
[Round "?"]
[White "Tarrance, J."]
[Black "McNair, Shawn"]
[Result "1-0"]
[WhiteElo "1605"]
[BlackElo "1605"]
[PlyCount "57"]
[EventDate "1996.??.??"]

{2/(26)} 1. e4 e5 2. Nf3 Nc6 3. Bc4 Bd6 4. d3 h6 5. d4 exd4 6. Nxd4 Nxd4 7.
Qxd4 Nf6 8. e5 c5 9. Qc3 Ne4 10. Qf3 O-O 11. exd6 Nxd6 12. Qg4 Qe7+ 13. Be2 Qf6
14. O-O Re8 15. Nc3 b6 16. Nd5 Qf5 17. Qxf5 Nxf5 18. Nc7 Rxe2 19. Nxa8 Rxc2 20.
Re1 Kf8 21. Nc7 Ne7 22. g4 d5 23. g5 h5 24. g6 f6 25. Bf4 Bd7 26. Bd6 d4 27.
Rxe7 Bc6 28. Rf7+ Kg8 29. Rf8# 1-0

[Event "Howell (US Am N/4/34)"]
[Site "?"]
[Date "1996.??.??"]
[Round "?"]
[White "Tack, K."]
[Black "Robbins, Fred"]
[Result "0-1"]
[WhiteElo "1605"]
[BlackElo "1920"]
[PlyCount "46"]
[EventDate "1996.??.??"]

{4/(34)} 1. e4 Nf6 2. e5 Nd5 3. c4 Nb6 4. d4 d6 5. exd6 cxd6 6. Nf3 g6 7. b3
Bg7 8. Bb2 O-O 9. Be2 Nc6 10. O-O e5 11. dxe5 dxe5 12. Qxd8 Rxd8 13. Rd1 Bf5
14. Na3 e4 15. Bxg7 exf3 16. Bxf3 Kxg7 17. Rxd8 Rxd8 18. Rd1 Rxd1+ 19. Bxd1 Nd4
20. Nb5 Nxb5 21. cxb5 Nd5 22. a4 Nc3 23. Bf3 b6 0-1

[Event "Ann Arbor (Mini-Swiss/3/10)"]
[Site "?"]
[Date "1996.??.??"]
[Round "?"]
[White "Tack, K."]
[Black "Haddad, Wade"]
[Result "1-0"]
[WhiteElo "1605"]
[BlackElo "1605"]
[PlyCount "72"]
[EventDate "1996.??.??"]

{3/(10)} 1. d4 d5 2. c4 c6 3. Nc3 Nf6 4. Nf3 Bg4 5. Ne5 Bf5 6. Bf4 Nbd7 7. e3
g6 8. h3 Nxe5 9. dxe5 Nd7 10. cxd5 cxd5 11. Qxd5 Qb6 12. Bb5 Bg7 13. O-O a6 14.
Ba4 Rd8 15. Rfd1 Be6 16. Qf3 O-O 17. Bxd7 Rxd7 18. Rxd7 Bxd7 19. Rd1 Be6 20. b3
Rc8 21. Nd5 Bxd5 22. Qxd5 e6 23. Qd7 Rf8 24. Rc1 Rd8 25. Rc8 Rf8 26. e4 h5 27.
Rc7 Qb4 28. Rc4 Qe1+ 29. Kh2 Qxf2 30. Bg3 Bxe5 31. Bxe5 b6 32. Rc7 Qh4 33. Qe7
Qxe4 34. Qf6 Qxe5+ 35. Qxe5 f6 36. Qxe6+ Kh8 1-0

[Event "Howell (US Am N/3/44)"]
[Site "?"]
[Date "1996.??.??"]
[Round "?"]
[White "Tack, J."]
[Black "Charette, B."]
[Result "1-0"]
[WhiteElo "1605"]
[BlackElo "1605"]
[PlyCount "94"]
[EventDate "1996.??.??"]

{3/(44)} 1. e4 e5 2. Nf3 Nf6 3. Nc3 Bb4 4. Bc4 Bxc3 5. dxc3 Nxe4 6. Qd5 Nd6 7.
Bb3 Nc6 8. O-O O-O 9. Bg5 Qe8 10. Rfe1 Kh8 11. Nxe5 Qe6 12. Nxf7+ Qxf7 13. Qxf7
Nxf7 14. Bxf7 d6 15. Bb3 Bf5 16. Re2 Rae8 17. Rae1 Bg6 18. f3 Rxe2 19. Rxe2 h6
20. Be3 Re8 21. Kf2 a6 22. Bd4 Rxe2+ 23. Kxe2 Ne5 24. Be6 Bxc2 25. Bc8 Bb1 26.
b4 Nc6 27. Bxb7 Nxd4+ 28. cxd4 Bxa2 29. Bxa6 Kg8 30. Kd3 d5 31. Kc3 Kf7 32. Bb5
Ke6 33. Kb2 Bc4 34. Bxc4 dxc4 35. Kc3 Kd5 36. b5 c6 37. bxc6 Kxc6 38. Kxc4 Kd6
39. d5 Kd7 40. Kd4 Kd6 41. Ke4 g6 42. f4 h5 43. f5 gxf5+ 44. Kxf5 Kxd5 45. Kg5
Ke4 46. Kxh5 Kf4 47. g4 Ke5 1-0

[Event "Ann Arbor (Mini-Swiss/2/9)"]
[Site "?"]
[Date "1996.??.??"]
[Round "?"]
[White "Swartz, J."]
[Black "Scioly, Tony"]
[Result "0-1"]
[WhiteElo "1605"]
[BlackElo "1605"]
[PlyCount "75"]
[EventDate "1996.??.??"]

{2/(9)} 1. d4 Nf6 2. c4 g6 3. Nc3 Bg7 4. e4 d6 5. Nf3 O-O 6. Bd3 Nbd7 7. O-O
Re8 8. Be3 c5 9. d5 Nf8 10. Qd2 Ng4 11. Bf4 e5 12. h3 exf4 13. hxg4 Bxg4 14.
Qxf4 Bxf3 15. Qxf3 Be5 16. Nd1 h5 17. g3 Nh7 18. Qg2 Qd7 19. Rb1 Kg7 20. Ne3
Rh8 21. Qf3 Ng5 22. Qh1 h4 23. g4 Bf4 24. Be2 h3 25. Rfd1 Rae8 26. Bf3 Bxe3 27.
fxe3 Nxe4 28. Qh2 Ng5 29. Kf2 Re5 30. Rh1 Rh4 31. Qg3 Nxf3 32. Qxf3 Qxg4 33.
Qxg4 Rxg4 34. Rxh3 Rge4 35. b3 b6 36. Rbh1 a6 37. Rh7+ Kf6 38. R1h3 0-1

[Event "Ann Arbor (Mini-Swiss/1/7)"]
[Site "?"]
[Date "1996.??.??"]
[Round "?"]
[White "Swartz, J."]
[Black "Ryskamp, John"]
[Result "0-1"]
[WhiteElo "1605"]
[BlackElo "1605"]
[PlyCount "62"]
[EventDate "1996.??.??"]

{1/(7)} 1. d4 e6 2. c4 Nf6 3. Bd2 c5 4. Nf3 cxd4 5. Nxd4 Bc5 6. e3 Nc6 7. Nf3
b6 8. Nc3 Ne7 9. Be2 Bb7 10. O-O O-O 11. Qc2 d5 12. cxd5 Nexd5 13. Rfd1 Rc8 14.
a3 Nxc3 15. Bxc3 Bd5 16. Ba6 Rc7 17. Ng5 g6 18. e4 Ng4 19. Nh3 Qh4 20. Rd2 Bc6
21. Kh1 f5 22. f3 Ne3 23. Qc1 fxe4 24. Be5 Rcf7 25. Bg3 Qf6 26. b4 exf3 27.
bxc5 fxg2+ 28. Kg1 Qf1+ 29. Bxf1 Rxf1+ 30. Qxf1 Rxf1+ 31. Rxf1 gxf1=Q# 0-1